[Event "VIE-ch"]
[Site "Hanoi"]
[Date "2016.??.??"]
[Round "2"]
[White "Le, Huru Thai"]
[Black "Duong, Thuong Cong"]
[Result "1-0"]
[WhiteElo "2160"]
[BlackElo "2054"]
[PlyCount "37"]
[EventDate "2016.11.10"]
[EventType "swiss"]
[EventRounds "7"]
[EventCountry "VIE"]
[SourceTitle "EXT 2018"]
[Source "ChessBase"]
[SourceDate "2017.10.13"]
[SourceVersion "1"]
[SourceVersionDate "2017.10.13"]
[SourceQuality "1"]

1. d4 g6 2. e4 d6 3. Nf3 Nf6 4. Bd3 Bg7 5. 0-0 0-0 6. c3 Nbd7 7. Re1 c5 8. e5 Nd5 9. e6 fxe6 10. Ng5 Nc7 11. Nxh7 Kxh7 12. Qh5+ Kg8 13. Bxg6 Rf6 14. Qh7+ Kf8 15. Bh6 Rxg6 16. Qxg6 Bxh6 17. Qxh6+ Kf7 18. Qh7+ Ke8 19. Qh5+ 1-0

[Event "VIE-ch"]
[Site "Hanoi"]
[Date "2016.??.??"]
[Round "6"]
[White "Pham, Xuan Dat"]
[Black "Le, Huru Thai"]
[Result "0-1"]
[WhiteElo "2157"]
[BlackElo "2160"]
[PlyCount "86"]
[EventDate "2016.11.10"]
[EventType "swiss"]
[EventRounds "7"]
[EventCountry "VIE"]
[SourceTitle "EXT 2018"]
[Source "ChessBase"]
[SourceDate "2017.10.13"]
[SourceVersion "1"]
[SourceVersionDate "2017.10.13"]
[SourceQuality "1"]

1. f4 e5 2. d3 exf4 3. Bxf4 d5 4. Nf3 Nf6 5. Nbd2 Bc5 6. e4 0-0 7. e5 Nh5 8. Bg5 f6 9. Bh4 g5 10. d4 Bb6 11. Nxg5 fxg5 12. Qxh5 gxh4 13. Bd3 Qe7 14. 0-0-0 Be6 15. Nf3 Nc6 16. c3 Qf7 17. Qxh4 Bf5 18. Be2 Ne7 19. Rhf1 Ng6 20. Qg3 Qg7 21. Qg5 c6 22. g3 Bh3 23. Rfe1 Bd8 24. Qh5 Bf5 25. Bd3 Bxd3 26. Rxd3 Be7 27. h4 Qf7 28. Nh2 Qf2 29. Re2 Qf5 30. Qxf5 Rxf5 31. Rf3 Rxf3 32. Nxf3 Rf8 33. Nh2 Rf5 34. Kd1 Kf7 35. Ke1 Ke6 36. Re3 c5 37. Ke2 cxd4 38. cxd4 Bd8 39. Rb3 Rf7 40. Ng4 Bb6 41. Rd3 Ne7 42. Nh6 Rf8 43. Rd1 Nc6 0-1